000 00625cam a22002053a 4500
001 43464
003 PGUSA
005 20140828084005.0
008 130814s2013||||xxu|||||s|||||000 | eng d
040 _aPGUSA
_beng
042 _adc
100 1 _aBaird, William
245 1 0 _aLay Help the Church's Present Need :
_bA Paper read at St. Mary's Schools, West Brompton
_h[electronic resource] /
_cWilliam Baird
260 _bProject Gutenberg,
_c2013
506 _aPublic domain in the USA.
516 _aElectronic text
830 0 _aProject Gutenberg
_v43464
856 4 0 _uhttp://www.gutenberg.org/ebooks/43464
942 _cEB
999 _c272715
_d272715